000
00338nam a22001577a 4500
003
SGT
020
_a
9788131729342
082
_a
005.13,MIT
100
_a
MITTAL AJAY
245
_a
PROGRAMMING IN C A PRACTICAL
250
_a
14TH
260
_a
NOIDA (UP)
_b
PEARSON
_c
2018
300
_a
744
650
_a
COMPUTER
942
_2
ddc
_c
BK
_0
40
999
_c
18295
_d
18295